000 00544nam a2200205 4500
003 OSt
005 20240715025213.0
006 a
008 240715b |||||||| |||| 00| 0 eng d
020 _a9715100457
040 _aDWCL-Main lib.
_cOC
082 _aFil. 220 D639m 1989
100 _aDodd, Christine
245 _aMaking scripture work /
260 _aManila :
_bDivine Word Pub.,
_cc1989.
300 _b167 p. ;
_c24 cm.
504 _aIncludes bibliographical references.
650 _a1. Bible.
942 _2ddc
_n0
_cBK - FIL
_kFil.
999 _c2163
_d2163